LEADER 01600nam0 2200361 i 450 001 VAN0126023 005 20220309024000.720 017 70$2N$a9789811338076 100 $a20200108d2019 |0itac50 ba 101 $aeng 102 $aSG 105 $a|||| ||||| 200 1 $aElectrolyzed Water in Food: Fundamentals and Applications$fTian Ding, Deog-Hwan Oh, Donghong Liu editors 210 $aSingapore$cSpringer$d2019 215 $aX, 274 p.$cill.$d24 cm 620 $aSG$dSingapore$3VANL000061 676 $a660.6$cBiotecnologia. Microbiologia applicata$v22 676 $a540$cChimica generale$v22 676 $a630$cAgricoltura e tecnologie connesse$v22 676 $a664.001579$cMicrobiologia alimentare$v22 676 $a641.3$cAlimenti$v22 702 1$aDing$bTian$3VANV097441 702 1$aLiu$bDonghong$3VANV097443 702 1$aOh$bDeog-Hwan$3VANV097442 712 $aSpringer $3VANV108073$4650 801 $aIT$bSOL$c20240614$gRICA 856 4 $uhttps://link.springer.com/book/10.1007/978-981-13-3807-6$zE-book - Accesso al full-text attraverso riconoscimento IP di Ateneo, proxy e/o Shibboleth 899 $aBIBLIOTECA DEL DIPARTIMENTO DI SCIENZE E TECNOLOGIE AMBIENTALI BIOLOGICHE E FARMACEUTICHE$1IT-CE0101$2VAN17 912 $fN 912 $aVAN0126023 950 $aBIBLIOTECA DEL DIPARTIMENTO DI SCIENZE E TECNOLOGIE AMBIENTALI BIOLOGICHE E FARMACEUTICHE$d17CONS e-book 2113 $e17BIB2113/57 57 20200108 996 $aElectrolyzed Water in Food: Fundamentals and Applications$91570055 997 $aUNICAMPANIA LEADER 01285nam0 22002891i 450 001 UON00504445 005 20231205105429.364 010 $a978-88-675-0162-5 100 $a20210112d2014 |0itac50 ba 101 $aita 102 $aIT 105 $a|||| ||||| 200 1 $aˆIl ‰rischio idrogeologico in Italia$eGuida pratica - Cause del dissesto - Strumenti e tipologie di intervento$fSara Frumento 210 $aMilano$cWolters Kluwer Italia$d2014 215 $aIX, 131 p.$d24 cm. 606 $aItalia$xAmbiente$xStudi$3UONC047324$2FI 606 $aItalia$xDissesto idrogeologico$xStudi$3UONC097667$2FI 620 $aIT$dMilano$3UONL000005 700 1$aFRUMENTO$bSara$3UONV284601$0719379 712 $aWolters Kluwer$3UONV281009$4650 801 $aIT$bSOL$c20250801$gRICA 899 $aSIBA - SISTEMA BIBLIOTECARIO DI ATENEO$2UONSI 912 $aUON00504445 950 $aSIBA - SISTEMA BIBLIOTECARIO DI ATENEO$dSI PUB H 0712 $eSI 36264 5 0712 951 $aSIBA - SISTEMA BIBLIOTECARIO DI ATENEO$bSI2021277 1J 20210112 996 $aRischio idrogeologico in Italia$91766273 997 $aUNIOR